Pedadogía, conocimiento y experiencia: notas arqueológicas sobre una subalternización /
Đã lưu trong:
| Tác giả chính: | |
|---|---|
| Định dạng: | Texto |
| Các nhãn: |
Thêm thẻ
Không có thẻ, Là người đầu tiên thẻ bản ghi này!
|
MARC
| LEADER | 00000 a a2200000 04500 | ||
|---|---|---|---|
| 001 | 10175 | ||
| 003 | |||
| 040 | |||
| 100 | |a Saldarriaga Vélez, Oscar | ||
| 245 | |a Pedadogía, conocimiento y experiencia: |b notas arqueológicas sobre una subalternización / |c Oscar Saldarriaga Vélez | ||
| 773 | |g número 25; páginas 98-108 | ||
| 999 | |c 34228 |d 34228 | ||
